000
00305nam a22001337a 4500
008
171123b xxu||||| |||| 00| 0 eng d
020
_a
9780123706065
041
_a
eng
080
_a
004
100
_a
28
101
_a
KOM
245
_a
COMPUTER ORGANIZATION AND DESIGN
_c
DAVID.P.A
942
_2
udc
_c
BK
999
_c
38322
_d
38322